| 000 | 00483nam a2200181Ia 4500 | ||
|---|---|---|---|
| 001 | 25295 | ||
| 005 | 20260414151140.0 | ||
| 008 | 260414t2016||||xx |||||||||||||| ||spa|| | ||
| 041 | _aESP | ||
| 082 |
_a346.44 _bG312 |
||
| 100 |
_aGaceta Jurídica _eAUT |
||
| 245 | 0 |
_aLa prescripción adquisitiva según la Corte Suprema : _bcriterios para su acreditación |
|
| 260 | _c2016 | ||
| 300 |
_a143 páginas : _c24 cm. |
||
| 650 | _aDER | ||
| 654 | _aCDE | ||
| 942 |
_cLIB _dJUS _fJUS _2ddc _n |
||
| 999 |
_c25295 _d25295 |
||